000 00651nam a2200181 4500
001 144635
003 ES-MaACL
005 20230906201049.0
007 t|
008 070214s1962 sp r ||||1| spa d
100 1 _aSimon, Herbert Alexander.
_9106512
245 1 3 _aEl comportamiento administrativo
_b: estudio de los procesos decisorios en la organización administrativa /
_cHerbert A. Simon ; traducción del inglés por Amando Lázaro Ros.
260 _aMadrid :
_bAguilar,
_c1962.
300 _aXL, 248 p. ;
_c22 cm.
700 1 _aLázaro Ros, Amando.
_970807
852 _aES-MaACL
_jF-6214
_bR.51212
852 _aES-MaACL
_jC-24832
_bR.53534
999 _c144635
_d144635